Lyrics |
the | | 100% | And | | 100% | a | | 100% | And | | 100% | the | | 100% | a | | 100% | a | | 100% | a | | 100% | the | | 100% | the | | 100% | the | | 100% | the | | 100% | a | | 100% | and | | 100% | a | | 100% | And | | 100% | the | | 100% | And | | 100% | a | | 100% | and | | 100% | a | | 100% | And | | 100% | and | | 100% | a | | 100% | a | | 100% | the | | 100% | And | | 100% | a | | 100% | the | | 100% | And | | 100% | the | | 100% | and | | 100% | the | | 100% | and | | 100% | a | | 100% | and | | 100% | and | | 100% | the | | 100% | jack knife | | 98.8% | Mack | | 98.8% | Mack | | 98.8% | Mack | | 98.8% | Mack | | 98.8% | Mack, | | 98.8% | Mack | | 98.8% | he | | 93.8% | he | | 93.8% | Knife? | | 93.8% | I | | 93.8% | Knife. | | 93.8% | he | | 93.8% | he | | 93.8% | Knife. | | 93.8% | Knife. | | 93.8% | it | | 90.1% | it | | 90.1% | it | | 90.1% | it | | 90.1% | it | | 90.1% | it, | | 90.1% | it | | 90.1% | it | | 90.1% | it, | | 90.1% | it | | 90.1% | it | | 90.1% | has | | 88.9% | has | | 88.9% | Oh | | 86.4% | of | | 86.4% | Oh | | 86.4% | of | | 86.4% | Oh | | 86.4% | oh, | | 86.4% | Oh | | 86.4% | oh | | 86.4% | of | | 86.4% | teeth, | | 85.2% | shark | | 85.2% | them, | | 85.2% | white. | | 85.2% | out | | 85.2% | shark | | 85.2% | teeth, | | 85.2% | to | | 85.2% | to | | 85.2% | to | | 85.2% | to, | | 85.2% | out, | | 85.2% | out, | | 85.2% | out, | | 85.2% | to | | 85.2% | to | | 85.2% | So | | 84% | so | | 84% | So | | 84% | so | | 84% | so | | 84% | dear | | 82.7% | dear | | 82.7% | dear. | | 82.7% |
|
Lyrics |
dear | | 82.7% | dear, | | 82.7% | pearly | | 81.5% | pearly | | 81.5% | keeps | | 77.8% | sight. | | 77.8% | Just | | 76.5% | we | | 75.3% | we | | 75.3% | We | | 75.3% | We | | 75.3% | We | | 75.3% | we | | 75.3% | be, | | 74.1% | be, | | 74.1% | be | | 74.1% | do | | 72.8% | do | | 72.8% | do | | 72.8% | do | | 72.8% | shows | | 71.6% | with | | 71.6% | his | | 71.6% | You | | 71.6% | you, | | 71.6% | in | | 71.6% | in | | 71.6% | you | | 71.6% | in | | 71.6% | you | | 71.6% | you. | | 71.6% | could | | 66.7% | could | | 66.7% | could | | 66.7% | that | | 66.7% | could | | 66.7% | that | | 66.7% | is | | 65.4% | For | | 65.4% | for | | 65.4% | for | | 65.4% | for | | 65.4% | On | | 63% | back | | 63% | old | | 61.7% | old | | 61.7% | old | | 61.7% | bites | | 59.3% | not, | | 59.3% | not | | 59.3% | this | | 59.3% | This | | 59.3% | This | | 59.3% | there's | | 58% | now? | | 58% | now, | | 58% | now | | 58% | town | | 58% | town | | 58% | town. | | 58% | now. | | 58% | what | | 56.8% | know | | 55.6% | Scarlet | | 54.3% | red. | | 53.1% | They | | 53.1% | they | | 53.1% | all | | 53.1% | start | | 51.9% | life | | 51.9% | me | | 51.9% | song | | 51.9% | don't | | 51.9% | it's | | 51.9% | me, | | 51.9% | me, | | 51.9% | me, | | 51.9% | it's | | 51.9% | it's | | 51.9% | Macheath, | | 49.4% | Macheath, | | 49.4% | trace | | 49.4% | But | | 49.4% | Macheath | | 49.4% | like | | 49.4% | but | | 49.4% | her | | 49.4% | like | | 49.4% | like | | 49.4% | corner | | 48.1% | Louis | | 48.1% | something | | 48.1% | something | | 48.1% | Louis | | 48.1% | Louis | | 48.1% | look | | 48.1% | look | | 48.1% | look | | 48.1% | something | | 48.1% | though, | | 46.9% |
|
Lyrics |
billows | | 45.7% | oozin' | | 45.7% | 'round | | 45.7% | too | | 45.7% | Armstrong, | | 44.4% | did, | | 44.4% | Armstrong | | 44.4% | spread. | | 43.2% | gloves | | 43.2% | words. | | 43.2% | Fancy | | 42% | was | | 42% | was | | 42% | Bobby | | 42% | We're | | 42% | morning, | | 40.7% | one | | 40.7% | about | | 40.7% | sing | | 40.7% | body, | | 39.5% | Darin | | 39.5% | Darin | | 39.5% | Sunday, | | 38.3% | Sunday | | 38.3% | boy | | 38.3% | made | | 38.3% | Tell | | 37% | Tell | | 37% | tell | | 37% | tell | | 37% | yes | | 37% | yes | | 37% | Yes, | | 37% | Miller, | | 35.8% | cash, | | 35.8% | Miller, | | 35.8% | We'd | | 35.8% | we'd | | 35.8% | remember | | 35.8% | lies | | 34.6% | Ella, | | 34.6% | Ella | | 34.6% | sneaking | | 33.3% | hit | | 33.3% | tried | | 33.3% | you've | | 33.3% | we've | | 33.3% | we've | | 33.3% | tried | | 33.3% | we've | | 33.3% | hit | | 33.3% | we've | | 33.3% | we've | | 33.3% | Someone's | | 32.1% | what's | | 30.9% | next | | 30.9% | tune, | | 30.9% | tune, | | 30.9% | rash? | | 30.9% | making | | 30.9% | tune, | | 30.9% | girl | | 30.9% | fellas | | 29.6% | wreck, | | 29.6% | wreck | | 29.6% | heard | | 29.6% | won't | | 29.6% | leave | | 29.6% | heard | | 29.6% | wears | | 28.4% | Yeah, | | 28.4% | record, | | 28.4% | hope | | 28.4% | try | | 28.4% | sailor | | 27.2% | sung | | 27.2% | ladies | | 27.2% | Thank you | | 25.9% | thank you. | | 25.9% | gentlemen | | 25.9% | chorus, | | 24.7% | called | | 24.7% | haven't | | 24.7% | swinging | | 23.5% | spends | | 23.5% | swung | | 23.5% | swung | | 23.5% | swung | | 23.5% | told | | 23.5% | Berlin | | 22.2% | fans, | | 22.2% | fans | | 22.2% | surprise | | 21% | trash | | 19.8% | popular, | | 17.3% | Ah, | | 16% | since | | 16% | Macheath's | | 14.8% | spending | | 13.6% | recognise | | 12.3% |
|
Comments